000 00648nam a22001937a 4500
005 20160808164830.0
010 _aENG-115675
020 _a9789382169604
_c325.00
035 _aEN-99207
037 _bDBAD/PUB
082 _a355.033051
100 _aPrashant Kumar Singh
245 _aChanging contexts of chinese military strategy and doctrine /
_cby Prashant Kumar Singh
260 _aNew Delhi
_bIDSA
_c2016
270 _aN0-1 Development enclave Rao Tula ram marg,Delhi Cantt
_bNew Delhi
_e110010
300 _a174p.
_c23cm(pbk)
490 _aIDSA Monograph series N0-49 March 2016
942 _2ddc
_cEN
_h355.02180954
_mPRA
999 _c101953
_d101953